Les drapeau européen - Mort subite - Statistiques

Statistiques générales
  • Ce quiz a été pris 1 671 fois
  • Le résultat moyen est 28 sur 45
Answers on the Grid
Answers color-coded by a green-red scale on the quiz's grid according to % correct below.
 
Statistiques - réponses
Réponse % Correct
Islande
88%
Serbie
88%
Malte
83%
Ukraine
79%
France
79%
Russie
78%
Roumanie
73%
Kosovo
72%
Royaume-Uni
67%
Norvège
67%
Allemagne
67%
Suisse
67%
Espagne
66%
Slovaquie
65%
Pays-Bas
65%
Suède
65%
Portugal
65%
Grèce
64%
Finlande
64%
Croatie
64%
Belgique
63%
Monaco
62%
Luxembourg
62%
Italie
61%
Lettonie
61%
Pologne
61%
Danemark
61%
République tchèque
60%
Estonie
59%
Saint-Marin
58%
Bulgarie
58%
Slovénie
58%
Albanie
58%
Autriche
57%
Hongrie
57%
Macédoine du Nord
56%
Cité du Vatican
56%
Andorre
55%
Bosnie-Herzégovine
55%
Liechtenstein
52%
Lituanie
51%
Irlande
51%
Moldavie
49%
Monténégro
48%
Biélorussie
47%
Aucun quiz correspondant
Distribution des résultats
% des personnes avec chaque résultat
Percentile par nombre de réponses
Votre historique - résultats
Vous n’avez pas pris ce quiz